00589nam a22002177a 4500003000500000005001700005008004100022010001000063011001000073035001000083040000900093082001600102100002200118245006400140260003600204300001900240490003300259650002600292700002000318830003300338CHAP20220329135010.0971013s1956 r 00010 d a29298 a30270 a34382 cCHAP a581.102bM300aMachlis, Leonard. aPlants in actionb: a laboratory manual of plant physiology aSan Francisco :bFreeman,c1956 a282 p.b: ilus aA series of books in biology14aFisiología vegetal.0 aTorrey, John G.0 aA series of books in biology